[Event "6th Eksjo it"]
[Site "Eksjo SWE"]
[Date "1978.09.01"]
[Round "8"]
[White "Akvist, Hakan"]
[Black "Wedberg, Tom"]
[Result "1-0"]
[WhiteElo "2335"]
[BlackElo "2370"]
[EventDate "1978.08.25"]
[PlyCount "87"]

1. c4 c5 2. Nf3 Nc6 3. Nc3 e5 4. g3 g6 5. Bg2 Bg7 6. d3 Nge7 7. O-O O-O 8. Bd2 d6 9. a3 h6 10. Rb1 Bg4 11. h3 Be6 12. b4 Qd7 13. Kh2 f5 14. Ng1 g5 15. Nd5 f4 16. Nxe7+ Qxe7 17. bxc5 dxc5 18. Qb3 Bc8 19. Bc3 Nd4 20. Qb2 Qd7 21. Bd5+ Kh8 22. e3 Nc6 23. Bxc6 Qxc6 24. Bxe5 Rf7 25. Rbe1 Bf5 26. e4 Bd7 27. g4 h5 28. f3 Re8 29. Bxg7+ Rxg7 30. Kg2 Kg8 31. Ne2 Qc8 32. Rh1 Rd8 33. Nc3 hxg4 34. hxg4 Bxg4 35. Nd5 Bxf3+ 36. Kxf3 g4+ 37. Ke2 f3+ 38. Kd1 Qe6 39. Qh2 Re8 40. Nc7 Qd7 41. Qh8+ Kf7 42. Qxe8+ Qxe8 43. Nxe8 Kxe8 44. Ref1 1-0

[Event "6th Eksjo it"]
[Site "Eksjo SWE"]
[Date "1978.09.01"]
[Round "8"]
[White "Pribyl, Josef"]
[Black "Krnic, Zdenko"]
[Result "1/2-1/2"]
[WhiteElo "2455"]
[BlackElo "2420"]
[EventDate "1978.08.25"]
[PlyCount "203"]

1. d4 c5 2. c3 Nf6 3. Nf3 e6 4. Bf4 Qb6 5. Qb3 Nc6 6. Qxb6 axb6 7. e3 d6 8. h3 Nd5 9. Bh2 f6 10. Nbd2 e5 11. e4 Nc7 12. Nc4 Ra6 13. d5 Na7 14. Nfd2 b5 15. Ne3 Bd7 16. Bd3 Nc8 17. f4 Be7 18. O-O O-O 19. Nf3 Nb6 20. a3 Ra4 21. fxe5 fxe5 22. Rad1 Ne8 23. Nd2 Rxf1+ 24. Nexf1 Ra8 25. Nf3 Bf6 26. Kf2 b4 27. axb4 cxb4 28. cxb4 Ra4 29. N1d2 Rxb4 30. b3 Nc7 31. Bg1 Bb5 32. Be2 Na6 33. Ke3 Nd7 34. Bf2 Bd8 35. Ne1 Bb6+ 36. Kf3 Bxf2 37. Kxf2 Ndc5 38. Ke3 Kf7 39. Rc1 Ke7 40. Bd1 Be8 41. Rc3 Bg6 42. Bf3 Kd7 43. Nc2 Rb6 44. Be2 Nb4 45. Nxb4 Rxb4 46. Rc4 Rb6 47. Rc1 Kc7 48. h4 h6 49. g4 Kd8 50. Ra1 Rb4 51. Ra8+ Ke7 52. Bc4 Be8 53. g5 hxg5 54. hxg5 b5 55. Ra7+ Kf8 56. Be2 Nxb3 57. Ra8 Kf7 58. Nxb3 Rxb3+ 59. Kf2 b4 60. Bh5+ g6 61. Bg4 Ra3 62. Rb8 b3 63. Rb7+ Kf8 64. Be2 Ba4 65. Bc4 Ra2+ 66. Ke3 Rg2 67. Rb4 b2 68. Bd3 Bd1 69. Bb1 Ke7 70. Rb7+ Kd8 71. Kd3 Rxg5 72. Rxb2 Rg3+ 73. Kc4 g5 74. Rb8+ Kc7 75. Rg8 Be2+ 76. Kb4 Rg1 77. Bc2 g4 78. Rg7+ Kc8 79. Ka5 Ra1+ 80. Kb4 Rc1 81. Ba4 Rc4+ 82. Ka5 Rxe4 83. Re7 Rxa4+ 84. Kxa4 Bf3 85. Rg7 Bxd5 86. Rxg4 Kc7 87. Kb4 Kc6 88. Rh4 Be6 89. Rh6 Bg4 90. Rg6 Bf3 91. Rf6 Be4 92. Rh6 Bd3 93. Rh3 Ba6 94. Ra3 Bb7 95. Rh3 Kd5 96. Rh7 Bc6 97. Rh1 e4 98. Kc3 Be8 99. Rg1 Kc5 100. Rg5+ d5 101. Re5 Bb5 102. Rg5 1/2-1/2

[Event "6th Eksjo it"]
[Site "Eksjo SWE"]
[Date "1978.09.01"]
[Round "8"]
[White "Schussler, Harry"]
[Black "Paoli, Enrico"]
[Result "1-0"]
[WhiteElo "2365"]
[BlackElo "2280"]
[EventDate "1978.08.25"]
[PlyCount "81"]

1. d4 d5 2. Nf3 Nf6 3. c4 c6 4. cxd5 cxd5 5. Nc3 Nc6 6. Bf4 Bf5 7. Qb3 Na5 8. Qa4+ Bd7 9. Qc2 Rc8 10. e3 e6 11. Bd3 Be7 12. Ne5 O-O 13. Qe2 a6 14. O-O Nc6 15. Rac1 Be8 16. Qf3 Nxe5 17. dxe5 Nd7 18. Qh3 g6 19. Rfd1 Kh8 20. Be2 Qa5 21. e4 dxe4 22. a3 Nb6 23. Nxe4 Rxc1 24. Rxc1 Nd5 25. Bh6 Rg8 26. Bg5 Bxg5 27. Nxg5 h5 28. b4 Qd8 29. Qh4 f5 30. Qg3 Qe7 31. h4 Bc6 32. Bc4 Rd8 33. Rd1 Kg7 34. Bxd5 Rxd5 35. Rxd5 Bxd5 36. Nh3 Qe8 37. Qg5 Qf7 38. Qd8 Qf8 39. Qxf8+ Kxf8 40. Nf4 Kf7 41. Nxd5 1-0

[Event "6th Eksjo it"]
[Site "Eksjo SWE"]
[Date "1978.09.02"]
[Round "9"]
[White "Krnic, Zdenko"]
[Black "Schussler, Harry"]
[Result "1/2-1/2"]
[WhiteElo "2420"]
[BlackElo "2365"]
[EventDate "1978.08.25"]
[PlyCount "44"]

1. e4 g6 2. d4 Bg7 3. Nc3 d6 4. g3 Nf6 5. Bg2 O-O 6. Nge2 e5 7. O-O Nc6 8. d5 Ne7 9. h3 Nd7 10. Be3 f5 11. Qd2 Nf6 12. f4 exf4 13. Nxf4 Nxe4 14. Nxe4 fxe4 15. c3 Nf5 16. g4 Nxe3 17. Qxe3 Qe7 18. Rae1 Bd7 19. Qxe4 Qxe4 20. Rxe4 Rae8 21. Ne6 Rxf1+ 22. Kxf1 c6 1/2-1/2

[Event "6th Eksjo it"]
[Site "Eksjo SWE"]
[Date "1978.09.02"]
[Round "9"]
[White "Paoli, Enrico"]
[Black "Akvist, Hakan"]
[Result "1/2-1/2"]
[WhiteElo "2280"]
[BlackElo "2335"]
[EventDate "1978.08.25"]
[PlyCount "175"]

1. e4 e6 2. d4 d5 3. Nd2 Nf6 4. e5 Nfd7 5. c3 b6 6. Ne2 Ba6 7. g3 c5 8. Bg2 cxd4 9. cxd4 Nc6 10. Nf3 Rc8 11. O-O Be7 12. Bd2 O-O 13. Bc3 b5 14. a3 Nb6 15. b4 Na4 16. Qd3 Qb6 17. Rac1 Bb7 18. h4 h6 19. Nd2 a5 20. bxa5 Nxa5 21. Bb4 Rfe8 22. Rxc8 Bxc8 23. Rc1 Ba6 24. Nb3 Nc4 25. Na1 Qa7 26. Nc2 Ra8 27. Nf4 Qd7 28. Qb3 Rc8 29. Bxe7 Qxe7 30. Nb4 Qa7 31. Bh3 Re8 32. Bg2 Bb7 33. Nc2 Bc6 34. Qb4 Ra8 35. Nd3 Be8 36. Kh2 Qa5 37. Ra1 Rc8 38. Rc1 Qa7 39. Bh3 Ncb6 40. Ne3 Rxc1 41. Nxc1 Nc4 42. Nb3 Nab2 43. Nc2 Nxe5 44. dxe5 Qxf2+ 45. Bg2 Qxc2 46. Nd4 Qf2 47. Qe7 Qxd4 48. Qxe8+ Kh7 49. Qxb5 Nc4 50. a4 Nxe5 51. a5 h5 52. Qb1+ g6 53. a6 Kg7 54. Kh1 Nc6 55. Qc1 Na7 56. Kh2 e5 57. Qg5 e4 58. Qe7 Nc6 59. Qg5 Nb4 60. Bf1 Qf2+ 61. Bg2 f6 62. Qc1 Nxa6 63. Qa3 Nc5 64. Qa7+ Kf8 65. Qa8+ Ke7 66. Qxd5 Qf5 67. Qg8 Nd3 68. Qg7+ Kd6 69. Qf8+ Kd5 70. Qf7+ Kd4 71. Qa7+ Kc3 72. Qe3 Qf2 73. Qxe4 Ne5 74. Qb1 Qd2 75. Qa1+ Kb4 76. Qb1+ Kc5 77. Qg1+ Kd6 78. Qb6+ Ke7 79. Qc5+ Ke6 80. Qc8+ Kf7 81. Qc7+ Kg8 82. Qc8+ Kg7 83. Qc7+ Nf7 84. Qe7 g5 85. hxg5 fxg5 86. Kh1 Qd4 87. Kh2 Qf2 88. Qe4 1/2-1/2

[Event "6th Eksjo it"]
[Site "Eksjo SWE"]
[Date "1978.09.02"]
[Round "9"]
[White "Schneider, Lars-Ake"]
[Black "Pribyl, Josef"]
[Result "1/2-1/2"]
[WhiteElo "2430"]
[BlackElo "2455"]
[EventDate "1978.08.25"]
[PlyCount "28"]

1. e4 Nf6 2. e5 Nd5 3. d4 d6 4. Nf3 Bg4 5. Be2 e6 6. h3 Bh5 7. O-O Be7 8. c4 Nb6 9. exd6 cxd6 10. Nc3 O-O 11. b3 d5 12. c5 N6d7 13. Be3 Nc6 14. b4 Bxf3 1/2-1/2

[Event "6th Eksjo it"]
[Site "Eksjo SWE"]
[Date "1978.09.02"]
[Round "9"]
[White "Wedberg, Tom"]
[Black "Wagman, Stuart"]
[Result "1-0"]
[WhiteElo "2370"]
[BlackElo "2330"]
[EventDate "1978.08.25"]
[PlyCount "163"]

1. e4 c5 2. Nf3 d6 3. d4 cxd4 4. Nxd4 Nf6 5. Nc3 e6 6. g4 h6 7. h4 Nc6 8. Rg1 d5 9. Bb5 Bd7 10. exd5 Nxd5 11. Nxd5 exd5 12. Qe2+ Be7 13. Be3 Nxd4 14. Bxd7+ Qxd7 15. Bxd4 O-O 16. O-O-O Rfe8 17. Qd2 Rac8 18. g5 hxg5 19. Qd3 Rc6 20. hxg5 Qe6 21. Rde1 Qg6 22. Qxg6 fxg6 23. Re5 Rd6 24. Rd1 Kf7 25. Bc3 Red8 26. Bb4 R6d7 27. Bxe7 Rxe7 28. Rdxd5 Rxd5 29. Rxd5 Ke6 30. Rd4 Kf5 31. f4 Re4 32. Rd7 Kxf4 33. Rxb7 Ra4 34. Rxg7 Kxg5 35. Kb1 Ra6 36. c4 Kf4 37. b3 g5 38. Kb2 g4 39. b4 g3 40. Kb3 Kf3 41. c5 g2 42. b5 Rh6 43. a4 Rh7 44. Rg8 Kf2 45. c6 Rh3+ 46. Kb4 Rg3 47. Rxg3 Kxg3 48. c7 g1=Q 49. c8=Q Qd4+ 50. Qc4 Qd6+ 51. Qc5 a5+ 52. Kc4 Qf4+ 53. Qd4 Qc7+ 54. Kb3 Qe7 55. Qc3+ Kh2 56. Qd2+ Kh1 57. Qd5+ Kh2 58. Qh5+ Kg1 59. Qg4+ Kh2 60. Qf4+ Kh1 61. Qh6+ Kg1 62. Qb6+ Kh2 63. Qh6+ Kg1 64. b6 Qf7+ 65. Kb2 Qf2+ 66. Kc3 Qf3+ 67. Kc4 Qc6+ 68. Kb3 Qf3+ 69. Kb2 Qf2+ 70. Kc3 Qf3+ 71. Kc4 Qf7+ 72. Kb5 Qb3+ 73. Kxa5 Qd5+ 74. Kb4 Qd4+ 75. Kb3 Qd3+ 76. Kb2 Qd4+ 77. Kc1 Qa1+ 78. Kd2 Qb2+ 79. Kd3 Qb3+ 80. Ke2 Qc2+ 81. Qd2 Qe4+ 82. Qe3+ 1-0